[Event "Cordeiropolis Freitas Levy Memorial"]
[Site "Cordeiropolis"]
[Date "2015.05.22"]
[Round "1"]
[White "Dos Santos Prata, Paulo R"]
[Black "Da Silva, Cleber Alex"]
[Result "1-0"]
[WhiteElo "1800"]
[BlackElo "2037"]
[PlyCount "59"]
[EventDate "2015.05.22"]
[EventType "swiss"]
[EventRounds "6"]
[EventCountry "BRA"]
[SourceTitle "CBM 166 Extra"]
[Source "ChessBase"]
[SourceDate "2015.06.18"]
[SourceVersion "1"]
[SourceVersionDate "2015.06.18"]
[SourceQuality "1"]

1. e4 c5 2. Nf3 e6 3. d4 cxd4 4. Nxd4 Nc6 5. Nc3 a6 6. a3 Qc7 7. Be3 Nf6 8. Be2 b5 9. Nxc6 dxc6 10. 0-0 Bb7 11. f4 c5 12. e5 Rd8 13. Qe1 Nd5 14. Nxd5 Bxd5 15. a4 Rb8 16. axb5 axb5 17. Qg3 g6 18. Bf3 Bxf3 19. Qxf3 Be7 20. Ra6 Rc8 21. Rfa1 0-0 22. Ra7 Qd8 23. Rd1 Qe8 24. Rdd7 Bd8 25. Qb7 Bh4 26. g3 Rb8 27. Qc7 Rc8 28. Qd6 Bd8 29. Bxc5 b4 30. Rdb7 1-0